| 000 | 00361nam a22001337a 4500 | ||
|---|---|---|---|
| 082 |
_a346.02 _bNAD |
||
| 100 | _aNadeem, Mian Saadat Ali | ||
| 245 |
_aLaw of Damage and Compensation/ _cMian Saadat Ali Nadeem |
||
| 260 |
_aLahore, _bAl-Noor Law Book House, _c2022. |
||
| 300 | _axxii, 713p. ; | ||
| 563 | _aHB | ||
| 650 |
_aLaw _935302 |
||
| 942 |
_2ddc _cBK |
||
| 999 |
_c613026 _d613026 |
||